00626cam a22001931 450000100060000009000100000610000410001610200070005720000700006421000380013421500240017222500130019630400410020970000370025070200190028780100160030699000110032299500990033346178 a46178 a19950817d1965 m y0pory5003 ba aPT1 aOs novos padresfMichel de Saint Pierregtrad. de Ângela Martha 9aLisboacLivraria Clássicad1965 a353 p., 1 f.d19 cm2 aOrbev31 aTít. orig. : Les nouveaux prétes 1aSaint Pierre,bMichel de,f1916- 1aMarta,bAngela 0aPTbBNgRPC cLIVROS 10978216bBMRf057279k821.133.1-3 SAIo0rLIVROSuoferta de Franklim Amaro CabreirinhacBMRs